Archeological survey and geomorphological assessment for the proposed Spring Lake water line, Hays County, Texas /

Bibliographic Details
Main Author: Arnn, John W.
Corporate Author: Prewitt and Associates
Other Authors: Kibler, Karl W. (Karl William), 1965-, Fields, Ross C.
Format: Government Document Book
Language:English
Published: Austin, Tex. : Prewitt and Associates, [1999]
Series:Technical reports (Prewitt and Associates) ; no. 41.
Subjects:

MARC

Tag First Indicator Second Indicator Subfields
LEADER 00000cam a2200000Ia 4500
001 in00001619082
005 20151023060407.0
008 991215s1999 txub b 000 0 eng d
035 |a (OCoLC)ocm43028377 
040 |a TXH  |c TXH  |d TXA  |d UtOrBLW 
043 |a n-us-tx 
049 |a TXAO 
086 |a A1900.7 P422 NO.2166  |2 txdocs 
090 |a F392.H46  |b A76 1999 
100 1 |a Arnn, John W. 
245 1 0 |a Archeological survey and geomorphological assessment for the proposed Spring Lake water line, Hays County, Texas /  |c by John W. Arnn III and Karl W. Kibler ; principal investigator, Ross C. Fields ; submitted to City of San Marcos, Texas, by Prewitt and Associates, Inc. 
264 1 |a Austin, Tex. :  |b Prewitt and Associates,  |c [1999] 
300 |a iv, 16 pages :  |b maps ;  |c 28 cm. 
336 |a text  |b txt  |2 rdacontent 
337 |a unmediated  |b n  |2 rdamedia 
338 |a volume  |b nc  |2 rdacarrier 
490 1 |a Technical reports ;  |v no. 41 
500 |a "Texas Antiquities Committee archeology permit number 2166." 
500 |a "September 1999." 
504 |a Includes bibliographical references (pages 11-12). 
650 0 |a Archaeological surveying  |z Texas  |z Hays County. 
651 0 |a Hays County (Tex.)  |x Antiquities. 
650 0 |a Geology  |z Texas  |z Hays County. 
700 1 |a Kibler, Karl W.  |q (Karl William),  |d 1965- 
700 1 |a Fields, Ross C. 
710 2 |a Prewitt and Associates. 
830 0 |a Technical reports (Prewitt and Associates) ;  |v no. 41. 
994 |a E0  |b TXA 
999 |a MARS 
999 f f |s 096674ff-7ec4-348f-a4cd-e557837df1ff  |i e3f55fa4-d9e9-32ac-9e31-72dadbc5742c  |t 0 
952 f f |p normal  |a Texas A&M University  |b College Station  |c Sterling C. Evans Library  |d Evans: Texas Documents (Annex 5th floor)  |t 0  |e A1900.7 P422 NO.2166  |h Superintendent of Documents classification  |i unmediated -- volume  |m A14827515293 
998 f f |a A1900.7 P422 NO.2166  |t 0  |l Evans: Texas Documents (Annex 5th floor)